| 000 | 00957cam a2200229 i 4500 | ||
|---|---|---|---|
| 003 | SA-RiAUC | ||
| 005 | 20251130143212.0 | ||
| 008 | 251127s1997 su g 00000 ara c | ||
| 040 |
_aSA-RiAUC _bara _cSA-RiAUC _erda |
||
| 082 | 0 | 4 | _a410.6 |
| 090 |
_a410.6 _bج ا م |
||
| 110 | 2 |
_aجامعة أم القرى. _bكلية اللغة العربية _eمؤلف. |
|
| 245 | 1 | 2 |
_aالموسم الثقافي لكلية اللغة العربية للعام الدراسي 1417- 1418 هـ / _cكلية اللغة العربية، جامعة أم القرى. |
| 264 | 1 |
_aمكة المكرمة : _bجامعة أم القرى، _c[1997] |
|
| 300 |
_a368 صفحة ؛ _c24 سم |
||
| 336 |
_aنص _btxt _2rdacontent _3كتاب |
||
| 337 |
_aبدون وسيط _bn _2rdamedia |
||
| 338 |
_aمجلد _bnc _2rdacarrier |
||
| 650 | 7 |
_aاللغة العربية _vمقالات ومحاضرات _2aucsh |
|
| 942 |
_2ddc _cBOOK _n0 |
||
| 949 |
_aSA-JeALM _d251127 _umohamedma123 _n1 |
||
| 999 |
_c13416 _d13416 |
||